Statistics for Spot the Differences: 1970 World Map

Click here to take the quiz!

General Stats

  • This quiz has been taken 3,280 times
  • The average score is 17 of 22

Answers on the Map

Answers color-coded by a green-red scale on the quiz's map according to % correct below.
 

Answer Stats

Current Country1970 Country% Correct
Armenia | Azerbaijan | Estonia | Georgia | Kazakhstan | Kyrgyzstan | Latvia | Lithuania | Moldova | Russia | Tajikistan | Turkmenistan | Ukraine | UzbekistanSoviet Union
97%
GermanyEast Germany
92%
Bosnia and Herzegovina | Croatia | Kosovo | Montenegro | Serbia | SloveniaYugoslavia
91%
Antigua and Barbuda | Bahamas | Belize | Dominica | Grenada | Kiribati | Saint Kitts and Nevis | Saint Lucia | Saint Vincent and the Grenadines | Seychelles | Solomon Islands | Tuvalu | VanuatuUnited Kingdom
90%
GermanyWest Germany
90%
South SudanSudan
89%
Comoros | DjiboutiFrance
86%
NamibiaSouth Africa
86%
Morocco (Western Sahara)Spain
86%
Angola | Cape Verde | East Timor | Guinea-Bissau | Mozambique | Sao Tomé and PrincipePortugal
85%
Federated States of Micronesia | Marshall Islands | PalauUnited States
83%
Czech Republic | SlovakiaCzechoslovakia
82%
EritreaEthiopia
76%
YemenNorth Yemen
75%
YemenSouth Yemen
75%
EgyptIsrael
74%
IndiaSikkim
71%
Papua New GuineaAustralia
67%
VietnamNorth Vietnam
64%
BangladeshPakistan
64%
VietnamSouth Vietnam
64%
SurinameNetherlands
63%

Score Distribution

Percentile by Number Answered

Percent of People with Each Score

Your Score History

You have not taken this quiz